00496 2200181 4500001002100000005001500021035002000036245005900056100001600115250001700131300003100148260003900179082001000218084001600228020002200244650002800266500002000294INLIS00000000000077020241025100216 a0010-10240000631 aEnsiklopedia Matematika SD :bPembagian /cJanu Ismadi0 aJanu Ismadi aCetakan ke-1 av, 26 hlm :bIlus ;c30 cm aBandung :bAzka Mulia Media,c2006 a510.3 a510.3 JAN e a978-979-1211-09-4 4aEnsiklopedia Matematika aSeri Matematika